=LDR 00000nam 2200000 4500 =001 INLIS000000000810592 =005 20260616090653 =035 ##$$a 0010-0626000029 =007 ta =008 260616################g##########0#ara## =020 ##$$a 9789777160031 =082 ##$$a 297.125 =084 ##$$a 297.125 AL- k =100 #$$a Al-Khatib al-Baghdadi =245 1#$$a Kitab Kifayah : $b fii ilmi riwayah =250 ##$$a Cet. 1 =260 ##$$a Kairo :$b Syirkah al-Qudsi,$c 2016 =300 ##$$a 535 hlm. : $b ilustrasi ; $c 24 cm =600 #4$$a Ilmu Hadis (Hadith sciences / Musthalah al-Hadith)